History Quiz

Random History or Country Quiz

Click the Monarchial Country Quiz Stats

 Plays Quiz Updated Jul 2, 2018

Also try: Five World Leaders
Challenge
Share
Tweet
Embed
Score 0/29 Timer 05:00
1 Play Today
% Correct
United Kingdom
95.3%
Denmark
91.3%
Monaco
90.7%
Saudi Arabia
88.9%
Norway
86.2%
Sweden
85.8%
Netherlands
85.4%
Jordan
85.2%
Luxembourg
85.1%
Spain
84.7%
Liechtenstein
83.3%
United Arab Emirates
81.4%
Belgium
80.4%
Brunei
79.3%
Japan
76.8%
% Correct
Kuwait
76.7%
Qatar
76.4%
Bahrain
75.1%
Bhutan
72.4%
Thailand
70.8%
Andorra
69.9%
Oman
68.9%
Morocco
67.3%
eSwatini
58.9%
Tonga
57.3%
Lesotho
57%
Vatican City
52.9%
Malaysia
51.2%
Cambodia
48.7%

You're not logged in!

Compare scores with friends on all Sporcle quizzes.
Join for Free
OR
Log In

You Might Also Like...

Show Comments

Extras

Top Quizzes Today


Score Distribution

Your Account Isn't Verified!

In order to create a playlist on Sporcle, you need to verify the email address you used during registration. Go to your Sporcle Settings to finish the process.

Report this User

Report this user for behavior that violates our Community Guidelines.

Details: